[Event "Tata Steel India Blitz"]
[Site "Kolkata IND"]
[Date "2026.01.10"]
[Round "4.4"]
[White "Murzin, Volodar"]
[Black "Praggnanandhaa, R"]
[Result "1/2-1/2"]
[WhiteTitle "GM"]
[BlackTitle "GM"]
[WhiteElo "2652"]
[BlackElo "2758"]
[WhiteFideId "44155573"]
[BlackFideId "25059530"]
[EventDate "2026.01.10"]

1. d4 Nf6 2. Nf3 g6 3. Bg5 Bg7 4. Nbd2 O-O 5. e4 d6 6. c3 Nbd7 7. Be2 e5 8. dxe5
Nxe5 9. Nxe5 dxe5 10. O-O Qe7 11. h3 h6 12. Be3 Be6 13. Qc2 Rad8 14. b4 Nd7 15.
a4 a6 16. Bc4 Bxc4 17. Nxc4 Qe6 18. Nd2 f5 19. Qb3 Qxb3 20. Nxb3 Nf6 21. exf5
gxf5 22. Nc5 f4 23. Bc1 Rb8 24. Re1 Rfe8 25. Ra2 Nd5 26. Bd2 Kf7 27. a5 Nf6 28.
c4 Bf8 29. Nd3 Nd7 30. Bc3 Bg7 31. Re4 Kg6 32. Rae2 b5 33. axb6 cxb6 34. c5 bxc5
35. bxc5 Rbc8 36. Bb4 Kf7 37. g3 fxg3 38. fxg3 Bf6 39. h4 Rc6 40. Kg2 Rb8 41.
R2e3 Rb5 42. Rf3 Kg7 43. Kh3 a5 44. Bd2 Nxc5 45. Rg4+ Kh7 46. Nxe5 Bxe5 47. Rf7+
Kh8 48. Rf8+ Kh7 49. Rf7+ Kh8 1/2-1/2

[Event "Tata Steel India Blitz"]
[Site "Kolkata IND"]
[Date "2026.01.10"]
[Round "4.5"]
[White "Aravindh, Chithambaram VR."]
[Black "Vidit, Santosh Gujrathi"]
[Result "0-1"]
[WhiteTitle "GM"]
[BlackTitle "GM"]
[WhiteElo "2700"]
[BlackElo "2708"]
[WhiteFideId "5072786"]
[BlackFideId "5029465"]
[EventDate "2026.01.10"]

1. e4 e5 2. Nf3 Nc6 3. Bc4 Bc5 4. c3 Nf6 5. d3 d6 6. Bg5 h6 7. Bh4 a6 8. Nbd2
Ba7 9. O-O g5 10. Bg3 O-O 11. b4 Kg7 12. a4 Ne7 13. d4 Nh5 14. dxe5 Nxg3 15.
hxg3 dxe5 16. Qe2 Ng6 17. Rfd1 g4 18. Nh2 Qg5 19. Ndf1 h5 20. Ne3 h4 21. gxh4
Qxh4 22. g3 Qh3 23. Qf1 Qh5 24. Qg2 Bxe3 25. fxe3 Qg5 26. Nf1 Rh8 27. Ra2 Qe7
28. Rad2 a5 29. b5 Qc5 30. Qe2 Ne7 31. Nh2 Rh6 32. Kg2 Ng8 33. Rd5 Qe7 34. Nxg4
Bxg4 35. Qxg4+ Rg6 36. Qf5 Rg5 37. Qd7 Re8 38. Qxe7 Rxe7 39. Rd7 Kf8 40. Rd8+
Kg7 41. R1d7 Kf6 42. Bd5 b6 43. c4 Rg7 44. Kf3 Rg6 45. Rxe7 Kxe7 46. Rc8 Kd7 47.
Rf8 Nh6 48. c5 bxc5 49. Ra8 Rf6+ 50. Ke2 Ng4 51. Rxa5 Rf2+ 52. Kd3 Rf3 53. Ra8
Nxe3 54. Bc6+ Ke7 55. a5 Nf5+ 56. Kc4 Nd4 57. Kxc5 Rc3+ 58. Kd5 Ne6 59. Re8+ Kf6 0-1

[Event "Tata Steel India Blitz"]
[Site "Kolkata IND"]
[Date "2026.01.10"]
[Round "5.1"]
[White "Niemann, Hans Moke"]
[Black "Nihal, Sarin"]
[Result "0-1"]
[WhiteTitle "GM"]
[BlackTitle "GM"]
[WhiteElo "2725"]
[BlackElo "2716"]
[WhiteFideId "2093596"]
[BlackFideId "25092340"]
[EventDate "2026.01.10"]

1. e4 c6 2. d4 d5 3. e5 Bf5 4. Nd2 e6 5. Nb3 a6 6. Nf3 c5 7. dxc5 Bxc5 8. Nxc5
Qa5+ 9. c3 Qxc5 10. Nd4 Ne7 11. Be3 Qc7 12. f4 Be4 13. Qg4 O-O 14. Be2 Nbc6 15.
O-O Nxd4 16. Bxd4 Nf5 17. Bf2 f6 18. Rae1 fxe5 19. fxe5 Rf7 20. Qg5 Raf8 21. g4
h6 22. Qd2 Ne7 23. Bd4 Ng6 24. Rxf7 Qxf7 25. Rf1 Nf4 26. h4 h5 27. Bc5 Nxe2+ 28.
Qxe2 Qxf1+ 29. Qxf1 Rxf1+ 30. Kxf1 hxg4 31. Kf2 Kf7 32. Kg3 Bf5 33. Kf4 g6 34.
a4 Ke8 35. a5 Kd7 36. b4 Kc6 37. Bd4 Kb5 38. Kg3 Kc4 39. Kf4 Kd3 40. Kg3 Ke4 41.
Kf2 Kf4 42. Kg1 g3 43. Kg2 Kg4 44. Kg1 Kxh4 45. Kg2 Kg4 46. Kg1 Kf3 47. Bc5 Ke4
48. Bd4 Bh3 49. Kh1 g5 50. Kg1 g4 51. Kh1 Kf3 52. Kg1 Ke4 53. Kh1 Bf1 54. Kg1
Be2 55. Kg2 Kf4 56. Kg1 Bf3 57. Kf1 g2+ 58. Kg1 g3 59. Ba7 0-1

[Event "Tata Steel India Blitz"]
[Site "Kolkata IND"]
[Date "2026.01.10"]
[Round "5.2"]
[White "Erigaisi, Arjun"]
[Black "Aravindh, Chithambaram VR."]
[Result "1-0"]
[WhiteTitle "GM"]
[BlackTitle "GM"]
[WhiteElo "2775"]
[BlackElo "2700"]
[WhiteFideId "35009192"]
[BlackFideId "5072786"]
[EventDate "2026.01.10"]

1. d4 Nf6 2. c4 e6 3. Nf3 Bb4+ 4. Nc3 d5 5. Qa4+ Nc6 6. a3 Bxc3+ 7. bxc3 Bd7 8.
cxd5 exd5 9. Bf4 O-O 10. e3 Ne5 11. Qb4 Nxf3+ 12. gxf3 b6 13. Bd3 Re8 14. h4 h6
15. Kd2 Rc8 16. Rag1 Kh8 17. Be5 c5 18. Qb1 Rc6 19. h5 b5 20. Bf5 b4 21. axb4
cxb4 22. cxb4 Bxf5 23. Qxf5 Qe7 24. Rb1 Nd7 25. b5 Rc4 26. Bf4 Rec8 27. Rhd1 Nb6
28. Bg3 Qa3 29. Ke1 f6 30. Kf1 Re8 31. Ra1 Qe7 32. Bf4 Qf7 33. Qg6 Qd7 34. Kg2
Rcc8 35. Kh2 Nc4 36. Rg1 Nd2 37. Rg3 Re6 38. Rd1 Nc4 39. Rdg1 Rg8 1-0

[Event "Tata Steel India Blitz"]
[Site "Kolkata IND"]
[Date "2026.01.10"]
[Round "5.3"]
[White "Vidit, Santosh Gujrathi"]
[Black "Murzin, Volodar"]
[Result "1-0"]
[WhiteTitle "GM"]
[BlackTitle "GM"]
[WhiteElo "2708"]
[BlackElo "2652"]
[WhiteFideId "5029465"]
[BlackFideId "44155573"]
[EventDate "2026.01.10"]

1. e4 c6 2. Nf3 d5 3. d3 g6 4. e5 Bg7 5. d4 f6 6. exf6 Nxf6 7. Be2 O-O 8. O-O
Nh5 9. Re1 Nf4 10. h3 Qd6 11. Bf1 Ne6 12. c3 c5 13. Na3 a6 14. Nc2 Nc6 15. Be3
cxd4 16. cxd4 Nf4 17. a3 Bf5 18. Rc1 Bxc2 19. Rxc2 Qf6 20. Ne5 Qd6 21. Nxc6 bxc6
22. Qc1 Rf6 23. g3 Nh5 24. Bg5 Rf7 25. Rxc6 Qd8 26. Qe3 Nf6 27. Bg2 Kh8 28. Qe6
Qf8 29. Rec1 Re8 30. Rc8 h6 31. Be3 Kh7 32. Rxe8 Nxe8 33. Rc8 Rf6 34. Qd7 1-0

[Event "Tata Steel India Blitz"]
[Site "Kolkata IND"]
[Date "2026.01.10"]
[Round "5.4"]
[White "So, Wesley"]
[Black "Anand, Viswanathan"]
[Result "1-0"]
[WhiteTitle "GM"]
[BlackTitle "GM"]
[WhiteElo "2753"]
[BlackElo "2743"]
[WhiteFideId "5202213"]
[BlackFideId "5000017"]
[EventDate "2026.01.10"]

1. e4 c5 2. Nf3 d6 3. d4 cxd4 4. Nxd4 Nf6 5. Nc3 a6 6. h3 e5 7. Nb3 Be6 8. Be3
Nbd7 9. g4 h6 10. Qd2 b5 11. f3 Be7 12. O-O-O Nh7 13. Kb1 O-O 14. h4 Bxh4 15.
Bxh6 b4 16. Na4 Bf6 17. Be3 Re8 18. Qxb4 Be7 19. Qd2 Qc7 20. Nb6 1-0

[Event "Tata Steel India Blitz"]
[Site "Kolkata IND"]
[Date "2026.01.10"]
[Round "5.5"]
[White "Praggnanandhaa, R"]
[Black "Wei, Yi"]
[Result "1/2-1/2"]
[WhiteTitle "GM"]
[BlackTitle "GM"]
[WhiteElo "2758"]
[BlackElo "2754"]
[WhiteFideId "25059530"]
[BlackFideId "8603405"]
[EventDate "2026.01.10"]

1. d4 Nf6 2. c4 e6 3. Nf3 b6 4. g3 Ba6 5. b3 b5 6. Nbd2 Bb4 7. Qc2 bxc4 8. bxc4
c5 9. Bg2 Nc6 10. dxc5 Bxc5 11. O-O O-O 12. Bb2 Rc8 13. Rad1 Be7 14. Ng5 h6 15.
Bxf6 hxg5 16. Bxe7 Qxe7 17. Qa4 Bb7 18. Ne4 Qb4 19. Qb5 Qxb5 20. cxb5 Ne5 21.
Nxg5 Bxg2 22. Kxg2 d5 23. Rd2 Rc4 24. Rb1 Rb8 25. f4 Ng4 26. Rb3 Nf6 27. Rdb2
Nd7 28. Ra3 Rb7 29. Nf3 Kf8 30. Nd2 Rc5 31. Rab3 Nb6 32. Rb4 Rc3 33. Kf2 Ke7 34.
e4 Kd6 35. exd5 exd5 36. R4b3 Na4 37. Rxc3 Nxc3 38. Rb3 d4 39. a4 Kc5 40. Nf3
Re7 41. Ne5 f6 42. Nc6 Re2+ 43. Kf3 Re3+ 44. Kg4 Nd5 45. Rxe3 Nxe3+ 46. Kf3 a6
47. Ke4 f5+ 48. Kd3 axb5 49. axb5 Ng4 50. Nxd4 g6 51. Ne6+ Kxb5 52. Nf8 Nxh2 53.
Ke2 Kc5 54. Nxg6 Ng4 55. Ne7 Nh6 56. Kd3 Kd6 57. Ng6 Kd5 58. Nh4 Kc5 59. Ng2 Kd5
60. Ne3+ Ke6 61. Kd4 Ng8 62. Nd1 Nf6 63. Nc3 Nh5 64. Ne2 Kd6 65. Kc4 Ke6 66. Kc5
Kf6 67. Kd5 Ng7 68. Kd6 Nh5 69. Kc6 Ng7 70. Kd5 Nh5 71. Kd6 Ng7 72. Kd7 Nh5 73.
Ke8 Ke6 74. Kf8 Kf6 75. Ke8 Ke6 76. Kd8 Kd5 77. Ke7 Ke4 78. Ke6 Nxg3 79. Nxg3+
Kxf4 80. Nxf5 1/2-1/2

[Event "Tata Steel India Blitz"]
[Site "Kolkata IND"]
[Date "2026.01.10"]
[Round "6.1"]
[White "Wei, Yi"]
[Black "Vidit, Santosh Gujrathi"]
[Result "1/2-1/2"]
[WhiteTitle "GM"]
[BlackTitle "GM"]
[WhiteElo "2754"]
[BlackElo "2708"]
[WhiteFideId "8603405"]
[BlackFideId "5029465"]
[EventDate "2026.01.10"]

1. d4 d5 2. Bg5 h6 3. Bh4 c6 4. e3 Qb6 5. Qc1 Bf5 6. Bd3 Bxd3 7. cxd3 e6 8. Nf3
Be7 9. Bg3 Nf6 10. Nc3 O-O 11. O-O Nbd7 12. e4 Rac8 13. Qd2 Rfd8 14. Bh4 dxe4
15. dxe4 e5 16. Rad1 exd4 17. Qxd4 Qxd4 18. Nxd4 g6 19. f4 Nd5 20. exd5 Bxh4 21.
dxc6 bxc6 22. g3 Be7 23. Kg2 Nc5 24. Rf2 Bf6 25. Rfd2 Rd6 26. Nde2 Rxd2 27. Rxd2
Kf8 28. Kf3 Ke7 29. b4 Ne6 30. Ne4 Bg7 31. g4 Rd8 32. Rxd8 Nxd8 33. f5 Nb7 34.
fxg6 fxg6 35. h4 Nd8 36. Nf4 Kf7 37. Nd6+ Ke7 38. Nc8+ Kd7 39. Nxa7 Bd4 40. Nxc6
Nxc6 41. Nxg6 Nxb4 42. Ke4 Bf6 43. a3 Nc6 44. Kf5 Bd8 45. g5 hxg5 46. h5 Nd4+
47. Kg4 Bf6 48. h6 Ke6 49. h7 Kf7 50. h8=Q Bxh8 51. Nxh8+ Kf6 52. Nf7 Kxf7 53.
Kxg5 1/2-1/2

[Event "Tata Steel India Blitz"]
[Site "Kolkata IND"]
[Date "2026.01.10"]
[Round "6.2"]
[White "Anand, Viswanathan"]
[Black "Niemann, Hans Moke"]
[Result "1-0"]
[WhiteTitle "GM"]
[BlackTitle "GM"]
[WhiteElo "2743"]
[BlackElo "2725"]
[WhiteFideId "5000017"]
[BlackFideId "2093596"]
[EventDate "2026.01.10"]

1. e4 c5 2. Nf3 d6 3. d4 cxd4 4. Nxd4 Nf6 5. Nc3 a6 6. Be2 e5 7. Nb3 Be7 8. Bg5
Be6 9. Bxf6 Bxf6 10. Qd3 Nd7 11. Qxd6 Be7 12. Qd3 Nf6 13. Qxd8+ Rxd8 14. a3 Rc8
15. f3 O-O 16. Bd3 Rfd8 17. Ke2 h5 18. Rhd1 h4 19. Kf1 Nh5 20. Be2 Rxd1+ 21.
Rxd1 Bxa3 22. Nd5 Bxd5 23. exd5 Bxb2 24. d6 Nf6 25. Na5 Bd4 26. Nxb7 Rxc2 27.
Na5 Kf8 28. Nb3 Bb6 29. Nd2 Nd5 30. Nc4 Bd4 31. Rb1 Ke8 32. Bd3 Rf2+ 33. Ke1 g6
34. Rb8+ Kd7 35. Rb7+ Ke6 36. d7 Ke7 37. Na5 Ra2 38. Nc6+ 1-0

[Event "Tata Steel India Blitz"]
[Site "Kolkata IND"]
[Date "2026.01.10"]
[Round "6.3"]
[White "Nihal, Sarin"]
[Black "Praggnanandhaa, R"]
[Result "1-0"]
[WhiteTitle "GM"]
[BlackTitle "GM"]
[WhiteElo "2716"]
[BlackElo "2758"]
[WhiteFideId "25092340"]
[BlackFideId "25059530"]
[EventDate "2026.01.10"]

1. Nf3 c5 2. e4 Nc6 3. Bb5 e6 4. O-O Nge7 5. Re1 Nd4 6. Nxd4 cxd4 7. c3 a6 8.
Bf1 Nc6 9. d3 Bc5 10. Nd2 O-O 11. Nb3 Ba7 12. cxd4 Nxd4 13. Be3 Nxb3 14. Qxb3 b5
15. Bxa7 Rxa7 16. d4 Qb6 17. d5 exd5 18. exd5 Qd6 19. Rac1 Bb7 20. Red1 Raa8 21.
a4 b4 22. a5 Rac8 23. Rxc8 Rxc8 24. Rd4 g6 25. Qxb4 Qe5 26. Qxb7 Rc1 27. Rc4 Ra1
28. Qc8+ Kg7 29. Rc1 Rxa5 30. Qc3 Qxc3 31. bxc3 Kf6 32. f4 Ke7 33. c4 Kd6 34.
Kf2 Kc5 35. Ke3 Ra2 36. Rb1 Ra3+ 37. Bd3 Ra2 38. Rb7 Kd6 39. Kd4 Ke7 40. c5 Kd8
41. d6 Kc8 42. Rc7+ Kd8 43. Ra7 1-0

[Event "Tata Steel India Blitz"]
[Site "Kolkata IND"]
[Date "2026.01.10"]
[Round "6.4"]
[White "Aravindh, Chithambaram VR."]
[Black "Murzin, Volodar"]
[Result "0-1"]
[WhiteTitle "GM"]
[BlackTitle "GM"]
[WhiteElo "2700"]
[BlackElo "2652"]
[WhiteFideId "5072786"]
[BlackFideId "44155573"]
[EventDate "2026.01.10"]

1. d4 d5 2. c4 e6 3. Nc3 h6 4. Nf3 Nf6 5. Bf4 Bd6 6. Bg3 a6 7. c5 Bxg3 8. hxg3
Nc6 9. e3 O-O 10. Bd3 Re8 11. Ne2 Ng4 12. Rh4 e5 13. dxe5 Qe7 14. Rc1 Ncxe5 15.
Nxe5 Qxe5 16. Qd2 c6 17. Qc3 Qg5 18. Kf1 Bd7 19. Kg1 Re7 20. Rf1 Rae8 21. Nd4
Ne5 22. Be2 Qf6 23. Qc2 Ng6 24. Rh2 Bc8 25. Bd3 Nf8 26. Rh4 Re5 27. b4 Qd8 28.
a4 Bd7 29. Qb2 R5e7 30. b5 axb5 31. axb5 Qc7 32. b6 Qe5 33. Qb4 Ra8 34. Nf3 Qe6
35. Rf4 Ree8 36. Bf5 Qe7 37. Bxd7 Nxd7 38. Rc1 Ra6 39. Nd4 g6 40. Qc3 Rea8 41.
Rh4 Qf8 42. g4 Qg7 43. Rh3 Ra3 44. Qd2 Ne5 45. Qd1 Ra2 46. g5 hxg5 47. Rh2 g4
48. Rh4 Qf6 0-1

[Event "Tata Steel India Blitz"]
[Site "Kolkata IND"]
[Date "2026.01.10"]
[Round "6.5"]
[White "Erigaisi, Arjun"]
[Black "So, Wesley"]
[Result "0-1"]
[WhiteTitle "GM"]
[BlackTitle "GM"]
[WhiteElo "2775"]
[BlackElo "2753"]
[WhiteFideId "35009192"]
[BlackFideId "5202213"]
[EventDate "2026.01.10"]

1. d4 d5 2. c4 e6 3. Nc3 Be7 4. Nf3 Nf6 5. cxd5 exd5 6. Bf4 Nh5 7. Bd2 Nf6 8. e3
O-O 9. Bd3 Re8 10. O-O Nbd7 11. Qc2 c6 12. Ne5 Nxe5 13. dxe5 Ng4 14. f4 d4 15.
Nd1 dxe3 16. Nxe3 Qd4 17. Rae1 g6 18. Bc4 Bf5 19. Qb3 Qxd2 20. Bxf7+ Kf8 21.
Nxg4 Bxg4 22. Bxe8 Rxe8 23. h3 Be2 24. f5 Bxf1 25. Rxf1 Bc5+ 26. Kh1 Qe2 27. Rc1
Qxe5 28. fxg6 hxg6 29. Qxb7 Bd6 30. Rf1+ Kg8 31. g3 Qe4+ 32. Kg1 Bc5+ 0-1

[Event "Tata Steel India Blitz"]
[Site "Kolkata IND"]
[Date "2026.01.10"]
[Round "7.1"]
[White "So, Wesley"]
[Black "Aravindh, Chithambaram VR."]
[Result "1-0"]
[WhiteTitle "GM"]
[BlackTitle "GM"]
[WhiteElo "2753"]
[BlackElo "2700"]
[WhiteFideId "5202213"]
[BlackFideId "5072786"]
[EventDate "2026.01.10"]

1. e4 c5 2. Nf3 d6 3. d4 cxd4 4. Nxd4 Nf6 5. Nc3 Nc6 6. Bc4 e6 7. Be3 Be7 8. Qe2
O-O 9. O-O-O a6 10. Bb3 Qc7 11. g4 Nxd4 12. Rxd4 e5 13. Rc4 Qd8 14. g5 Nd7 15.
Rg1 b5 16. Rb4 Nc5 17. Bd5 Rb8 18. Qh5 Be6 19. Rg3 g6 20. Qh6 Qd7 21. f4 f5 22.
Rh3 Rf7 23. exf5 Bxd5 24. fxg6 Rg7 25. Nxd5 Bd8 26. gxh7+ Kh8 27. f5 a5 1-0

[Event "Tata Steel India Blitz"]
[Site "Kolkata IND"]
[Date "2026.01.10"]
[Round "7.2"]
[White "Murzin, Volodar"]
[Black "Wei, Yi"]
[Result "0-1"]
[WhiteTitle "GM"]
[BlackTitle "GM"]
[WhiteElo "2652"]
[BlackElo "2754"]
[WhiteFideId "44155573"]
[BlackFideId "8603405"]
[EventDate "2026.01.10"]

1. d4 Nf6 2. Nf3 c5 3. c3 b6 4. Bg5 Bb7 5. Nbd2 e6 6. e3 h6 7. Bh4 Nc6 8. Bd3 g5
9. Bg3 Nh5 10. a3 Nxg3 11. hxg3 Bg7 12. g4 d5 13. Nf1 Qd6 14. Ng3 O-O-O 15. Qe2
Kb8 16. b4 cxd4 17. cxd4 Rhe8 18. Bb5 Re7 19. O-O Rc7 20. Qd3 Rdc8 21. Rfb1 Ka8
22. Qd2 Ne7 23. Bd3 a6 24. a4 Ka7 25. Ra2 f6 26. Qe1 e5 27. Nf5 Nxf5 28. Bxf5
Rh8 29. Qd2 e4 30. Nh2 h5 31. Nf1 hxg4 32. Rc2 Rc4 33. Rxc4 dxc4 34. b5 Qd5 35.
bxa6 Bxa6 36. Ng3 Qd6 37. Bxe4 Qc7 38. Qc3 Bf8 39. Bf5 Bd6 40. Ne4 Be7 41. g3
Qc6 42. Nd2 Qh1# 0-1

[Event "Tata Steel India Blitz"]
[Site "Kolkata IND"]
[Date "2026.01.10"]
[Round "7.3"]
[White "Niemann, Hans Moke"]
[Black "Erigaisi, Arjun"]
[Result "1/2-1/2"]
[WhiteTitle "GM"]
[BlackTitle "GM"]
[WhiteElo "2725"]
[BlackElo "2775"]
[WhiteFideId "2093596"]
[BlackFideId "35009192"]
[EventDate "2026.01.10"]

1. e4 c5 2. Nf3 e6 3. c3 d5 4. e5 Nc6 5. d4 Nge7 6. Bd3 Nf5 7. O-O cxd4 8. Bxf5
exf5 9. cxd4 Be7 10. Nc3 g5 11. Qb3 g4 12. Nd2 Nxd4 13. Qa4+ Nc6 14. Nb3 Be6 15.
Rd1 Qd7 16. Qf4 Rg8 17. Be3 b6 18. Rac1 Rg6 19. Nb5 Kf8 20. Qg3 h5 21. Bf4 h4
22. Qc3 Rc8 23. Nd6 Rc7 24. Qe3 Kg8 25. Rc3 d4 26. Nxd4 Nxd4 27. Rxd4 Rxc3 28.
Qxc3 Bxd6 29. exd6 h3 30. g3 f6 31. Qc7 Rg7 32. Qxd7 Rxd7 33. b3 Kf7 34. Kf1 Rd8
35. Ke1 Rc8 36. Kd2 Bd7 37. Rd3 Rc5 38. Re3 Be6 39. b4 Rc8 40. a3 b5 41. Rd3 a6
42. Be3 Bd7 43. Bc5 Re8 44. Rc3 Re4 45. Be3 Ke6 46. Bf4 Rd4+ 47. Kc2 Rc4 48.
Rxc4 bxc4 49. Kc3 Kd5 50. Be3 Bc6 51. Bd4 Bb5 52. Bxf6 Kxd6 53. Kd4 Ke6 54. Bg5
Kd6 55. Bd2 Ke6 56. Bc3 Kd6 57. Bb2 Ke6 58. Kc5 f4 59. Kd4 Kf5 60. Bc3 Bd7 61.
Bd2 fxg3 62. fxg3 Bb5 63. Be1 Be8 64. Bc3 Bb5 65. Bb2 Ba4 66. Ba1 Bb5 67. Bc3
Ba4 68. Bd2 Bb5 1/2-1/2

[Event "Tata Steel India Blitz"]
[Site "Kolkata IND"]
[Date "2026.01.10"]
[Round "7.4"]
[White "Vidit, Santosh Gujrathi"]
[Black "Nihal, Sarin"]
[Result "1-0"]
[WhiteTitle "GM"]
[BlackTitle "GM"]
[WhiteElo "2708"]
[BlackElo "2716"]
[WhiteFideId "5029465"]
[BlackFideId "25092340"]
[EventDate "2026.01.10"]

1. d4 Nf6 2. c4 e6 3. Nf3 d5 4. Nc3 h6 5. Bf4 Bd6 6. Bxd6 Qxd6 7. e3 O-O 8. Rc1
Qe7 9. Qb3 Rd8 10. Be2 c6 11. O-O Nbd7 12. Rfd1 a6 13. Qc2 dxc4 14. Bxc4 b5 15.
Be2 Bb7 16. Ne4 Nxe4 17. Qxe4 Rab8 18. Bd3 f5 19. Qf4 c5 20. dxc5 Bxf3 21. Qxf3
Nxc5 22. Bc2 Rbc8 23. h3 Rc7 24. b4 Rxd1+ 25. Rxd1 Nd7 26. Bb3 Kh7 27. Qa8 Ne5
28. Qxa6 Nc6 29. a3 Qf6 30. Qxb5 Ne5 31. Qb6 Re7 32. Rd6 Qg5 33. f4 Nf3+ 34. Kf2
Qh4+ 35. Kxf3 e5 36. Qd8 Qh5+ 37. Kf2 Qh4+ 38. g3 1-0

[Event "Tata Steel India Blitz"]
[Site "Kolkata IND"]
[Date "2026.01.10"]
[Round "7.5"]
[White "Praggnanandhaa, R"]
[Black "Anand, Viswanathan"]
[Result "1/2-1/2"]
[WhiteTitle "GM"]
[BlackTitle "GM"]
[WhiteElo "2758"]
[BlackElo "2743"]
[WhiteFideId "25059530"]
[BlackFideId "5000017"]
[EventDate "2026.01.10"]

1. e4 e5 2. Nf3 Nc6 3. Bc4 Bc5 4. c3 Nf6 5. d3 d6 6. Bg5 a6 7. Nbd2 Ba7 8. a4 h6
9. Bh4 g5 10. Bg3 Qe7 11. O-O Nd7 12. b4 Nf8 13. b5 Na5 14. Bd5 c6 15. Ba2 Ng6
16. Qb1 Qd8 17. d4 h5 18. h3 g4 19. hxg4 hxg4 20. Nh2 exd4 21. Qb2 Qf6 22. e5
dxe5 23. Rfe1 O-O 24. Ne4 Qd8 25. Rad1 axb5 26. axb5 cxb5 27. Qxb5 Nc6 28. Bd5
Bb8 29. Bxc6 bxc6 30. Qxc6 Ra6 31. Qc4 Qc7 32. Qxc7 Bxc7 33. cxd4 f5 34. Nc5 Rc6
35. Nf1 f4 36. Bh2 exd4 37. Nb3 Rc3 38. Nxd4 g3 39. fxg3 fxg3 40. Bxg3 Bxg3 41.
Nxg3 Rxg3 42. Rf1 Rxf1+ 43. Rxf1 Bb7 44. Rf2 Nh4 45. Kh2 Rd3 46. Ne6 Bxg2 47.
Nf4 Rf3 48. Rxf3 Bxf3 49. Kg3 Ng2 50. Kxf3 Nxf4 51. Kxf4 1/2-1/2

[Event "Tata Steel India Blitz"]
[Site "Kolkata IND"]
[Date "2026.01.10"]
[Round "8.1"]
[White "Anand, Viswanathan"]
[Black "Vidit, Santosh Gujrathi"]
[Result "1-0"]
[WhiteTitle "GM"]
[BlackTitle "GM"]
[WhiteElo "2743"]
[BlackElo "2708"]
[WhiteFideId "5000017"]
[BlackFideId "5029465"]
[EventDate "2026.01.10"]

1. e4 e5 2. Nf3 Nc6 3. Bc4 Bc5 4. O-O Nf6 5. d3 d6 6. Nc3 Na5 7. Bb3 a6 8. Be3
Bxe3 9. fxe3 O-O 10. Qe1 Nxb3 11. axb3 Bd7 12. Nh4 Ng4 13. Rf3 c6 14. Qg3 Kh8
15. Raf1 Qe7 16. Nf5 Bxf5 17. exf5 Nf6 18. Qh4 Rfe8 19. g4 Nd5 20. g5 Nxc3 21.
f6 Ne2+ 22. Kh1 Qe6 23. fxg7+ Kg8 24. Rf6 Qd5+ 25. e4 Qc5 26. Rh6 Nf4 27. Rxh7
f6 28. Qh6 Qxc2 29. Rh8+ Kf7 30. Qxf6# 1-0

[Event "Tata Steel India Blitz"]
[Site "Kolkata IND"]
[Date "2026.01.10"]
[Round "8.2"]
[White "Erigaisi, Arjun"]
[Black "Praggnanandhaa, R"]
[Result "0-1"]
[WhiteTitle "GM"]
[BlackTitle "GM"]
[WhiteElo "2775"]
[BlackElo "2758"]
[WhiteFideId "35009192"]
[BlackFideId "25059530"]
[EventDate "2026.01.10"]

1. Nf3 Nf6 2. c4 c5 3. d4 cxd4 4. Nxd4 Nc6 5. g3 e5 6. Nb5 Bb4+ 7. N1c3 d6 8. a3
Bxc3+ 9. Nxc3 Be6 10. Bg2 Bxc4 11. Bg5 Be6 12. Bxf6 gxf6 13. O-O O-O 14. e3 f5
15. Qh5 Qf6 16. Rfd1 Rfd8 17. Nd5 Bxd5 18. Rxd5 Rac8 19. Rad1 Rc7 20. b4 Ne7 21.
R5d2 b6 22. h4 Kg7 23. Qe2 Qe6 24. Bd5 Qf6 25. a4 h6 26. Qb5 f4 27. exf4 exf4
28. Rd3 Ng6 29. Rf3 Rc3 30. Rxc3 Qxc3 31. Qd3 Qf6 32. Qe4 Rd7 33. h5 fxg3 34.
fxg3 Ne5 35. Qf4 Rc7 36. Bg2 Qe7 37. Bd5 Rc3 38. Rf1 Qg5 39. Qxg5+ hxg5 40. Kg2
Rd3 41. h6+ Kxh6 42. Bxf7 Rd4 43. Be8 g4 44. Rf4 Rd2+ 45. Kf1 Kg5 46. a5 Rb2 47.
axb6 axb6 48. Rd4 Kf5 49. b5 Ke6 50. Rf4 Kd5 51. Bh5 Rxb5 52. Bxg4 Rb2 53. Be2
b5 54. g4 b4 55. g5 b3 56. Rb4 Kc5 57. Rb8 Kd4 58. Bd1 Rb1 59. Ke2 b2 60. Bc2
Rh1 61. Rxb2 Rh2+ 62. Kd1 Nc4 63. Ra2 Kc3 64. Ke1 d5 65. g6 Rg2 66. Bb3 Rg1+ 67.
Kf2 Rxg6 68. Bd1 Re6 69. Rc2+ Kd3 70. Ra2 d4 71. Re2 Rf6+ 72. Ke1 Ne3 73. Rd2+
Kc3 74. Be2 Nc2+ 75. Kd1 Nb4 76. Ke1 Re6 77. Kd1 Rg6 78. Bf1 Rf6 79. Bb5 Rf5 80.
Be2 Rf2 81. Ke1 Rh2 82. Kd1 d3 83. Ke1 Rh1+ 0-1

[Event "Tata Steel India Blitz"]
[Site "Kolkata IND"]
[Date "2026.01.10"]
[Round "8.3"]
[White "Nihal, Sarin"]
[Black "Murzin, Volodar"]
[Result "1-0"]
[WhiteTitle "GM"]
[BlackTitle "GM"]
[WhiteElo "2716"]
[BlackElo "2652"]
[WhiteFideId "25092340"]
[BlackFideId "44155573"]
[EventDate "2026.01.10"]

1. Nf3 Nf6 2. c4 g6 3. Nc3 Bg7 4. e4 O-O 5. d4 d6 6. Be2 c6 7. O-O a6 8. Qc2 b5
9. Rd1 bxc4 10. Bxc4 Bg4 11. Be2 Qa5 12. h3 Bxf3 13. Bxf3 Nbd7 14. Bd2 Qb6 15.
Be3 Qa5 16. a3 Rac8 17. b4 Qc7 18. Rac1 Qb8 19. Be2 Qb7 20. Bf3 Nb6 21. Be2 Ne8
22. Nb1 Nf6 23. Nd2 Rc7 24. Nb3 Rfc8 25. Qd3 Qb8 26. Rc2 d5 27. e5 Nfd7 28. Na5
Qa8 29. Rdc1 e6 30. Qxa6 Ra7 31. Qd3 c5 32. dxc5 Rxa5 33. cxb6 Rxc2 34. Qxc2
Rxa3 35. Qc8+ Bf8 36. Qxd7 Rxe3 37. fxe3 Qa3 38. Rf1 1-0

[Event "Tata Steel India Blitz"]
[Site "Kolkata IND"]
[Date "2026.01.10"]
[Round "8.4"]
[White "Aravindh, Chithambaram VR."]
[Black "Wei, Yi"]
[Result "1-0"]
[WhiteTitle "GM"]
[BlackTitle "GM"]
[WhiteElo "2700"]
[BlackElo "2754"]
[WhiteFideId "5072786"]
[BlackFideId "8603405"]
[EventDate "2026.01.10"]

1. e4 e5 2. Nf3 Nc6 3. Bc4 Nf6 4. d3 Bc5 5. c3 d6 6. Bg5 h6 7. Bh4 a6 8. Nbd2
Ba7 9. O-O Ne7 10. Bxf6 gxf6 11. d4 Be6 12. Qb3 Qc8 13. Rfe1 Rg8 14. Bxe6 fxe6
15. Rad1 Nc6 16. Nf1 Bb6 17. Ne3 Qd7 18. Nc4 O-O-O 19. dxe5 Nxe5 20. Nfxe5 fxe5
21. Nxb6+ cxb6 22. Qxb6 Qe7 23. Rd3 d5 24. Red1 Rd6 25. Qc5+ Kb8 26. exd5 e4 27.
R3d2 Rgd8 28. g3 Qg5 29. c4 h5 30. Qe3 Qg6 31. dxe6 Rd3 32. Qf4+ Ka7 33. e7 1-0

[Event "Tata Steel India Blitz"]
[Site "Kolkata IND"]
[Date "2026.01.10"]
[Round "8.5"]
[White "So, Wesley"]
[Black "Niemann, Hans Moke"]
[Result "1-0"]
[WhiteTitle "GM"]
[BlackTitle "GM"]
[WhiteElo "2753"]
[BlackElo "2725"]
[WhiteFideId "5202213"]
[BlackFideId "2093596"]
[EventDate "2026.01.10"]

1. d4 d5 2. c4 c6 3. Nf3 Nf6 4. Nc3 e6 5. e3 Nbd7 6. Qc2 b6 7. Bd3 Bb7 8. O-O
dxc4 9. Bxc4 a6 10. a4 b5 11. Bd3 Be7 12. Rd1 Rc8 13. Ne4 Nxe4 14. Bxe4 Nf6 15.
Bd3 Qb6 16. axb5 cxb5 17. Qe2 Nd5 18. Bd2 Nb4 19. Bxb4 Bxb4 20. Ne5 Rc7 21. Qh5
g6 22. Qh6 Bf8 23. Qf4 Bg7 24. Rac1 Rxc1 1-0